000 00573cam a2200169 a 4500
005 20250901165312.0
008 910912s1993 nyua b 001 0 eng
010 _a 91034582
020 _a1560241543 (acid free paper)
050 0 0 _aRA1224.2
_b.K46 1993b
082 0 0 _a618.3052
_220
100 1 _aKenen, Regina.
245 1 0 _aReproductive hazards in the workplace :
_bmending jobs, managing pregnancies /
_cRegina Kenen.
260 _aNew York :
_bHaworth Press,
_cc1993.
300 _axvii, 306 p. :
_bill. ;
_c23 cm.
942 _2lcc
_hRA1224.2 .K46 1992
999 _c1831
_d1831